| 000 | 00457nam a22001337a 4500 | ||
|---|---|---|---|
| 020 | _a9745555827 | ||
| 040 | _cDLC | ||
| 082 | _a 737 MET 1990 C074 Or. | ||
| 100 | _aWanapat, Metha | ||
| 245 | _aNutritional aspects of ruminant production in Southeast Asia with special reference to Thailand | ||
| 260 |
_aThailand, _bDept. of Animal Science, Faculty of Agriculture, Khon Kaen University, Khon Kaen, _c1990 |
||
| 300 |
_a 217 pages : _c25 cm |
||
| 942 | _cAEDBB | ||
| 999 |
_c22557 _d22557 |
||